000 00685nam a2200133Ia 4500
008 171212s9999 xx 000 0 und d
020 _a9780833033178
100 _aFarley, Donna O.;Harris, Katherine M.;Ashwood, J. Scott;Cherry, Geralyn K.;Dydek, George
245 _cFarley, Donna O.;Harris, Katherine M.;Ashwood, J. Scott;Cherry, Geralyn K.;Dydek, George
_aEvaluation of the Medicare-DoD Subvention Demonstration
_bFinal Report
260 _bRAND Corporation
_c2003
650 _aHealth Sciences
650 _aMedicare; Retired military personnel -- Medical care; Health maintenance organizations; Managed care plans (Medical care)
856 _uwww.jstor.org/stable/10.7249/mr1580cms
999 _c352046
_d352046